LEADER 01059nam a2200265 u 4500 001 000000012370 003 CaOOAMICUS 005 20070226105528.0 008 940712s1929 fr u000 u fre u 035 $a10299844 040 $aPUL(R)$bita 100 1 $aCalvet, Jean,$csac.,$d1874-1965.$0(OLS)http://pul/name/11774 245 10$aLittérature française /$cpar J. Calvet .. 260 $a[Paris] :$bBloud & Gay,$cc1929. 300 $a218 p. ;$c19 cm 490 1 $aBibliothèque catholique des sciences religieuses ;$v26 504 $aBibliografia in nota. 650 4$aCattolicesimo$zFrancia$xStoria.$0(OLS)http://pul/subject/9272 830 0$aBibliothèque catholique des sciences religieuses ;$v26.$0(OLS)http://pul/title/1204 850 $aPUL 852 $aPUL$W1$xDP1 Fondo Cecchetti$y53$m260 G 24$j17471$nBK-PRI$qFondi$B17471$CPULBib$Z2$F17471 $81 941 1 $a1 961 $aINV: Esemplare n. 231 996 $6245$aLittérature française$9(OLS)http://pul/title/17905 996 $6260$a[Paris] :$bBloud & Gay$9(OLS)http://pul/publisher/48368 LEADER 00933nam a2200217 u 4500 001 000000085781 003 CaOOAMICUS 005 20070226124226.0 008 050907s1959 it u000 u ita u 035 $a11059113 040 $aPUL(R)$bita 245 00$aLode alla Vergine :$binno Acathistos alla divina Madre /$cintroduzione e commento di Divo Barsotti. 260 $aMilano :$bVita e pensiero,$c1959. 300 $a79 p. ;$c19 cm 600 04$aMaria Virgo,$cs.$xPreghiere.$0(OLS)http://pul/subject/22006 700 1 $aBarsotti, Divo,$csac.,$d1914-$0(OLS)http://pul/name/2218 850 $aPUL 852 $aPUL$W1$xDP1 Fondo Cecchetti$y53$m283 I 33$j108963$nBK-PRI$b $qFondi$B108963$CPULBib$Z2$F108963 $HPUL8161 $81 941 1 $a1 996 $6245$aLode alla Vergine :$binno Acathistos alla divina Madre$9(OLS)http://pul/title/111252 996 $6260$aMilano :$bVita e pensiero$9(OLS)http://pul/publisher/48016